000 00326nam a2200133Ia 4500
008 210210b1970 xxu||||| |||| 00| 0 eng d
082 _a820.33 ANAU
100 _aANAND (Mulk Raj).
245 _aUntouchable.
260 _aND
_bOrient Paperback
_c1970
300 _a181
690 _aIndian English Fiction
906 _aSG01254
999 _c112837
_d112837